Szachy: nie daj się zbić #1 - Nagła śmierć - Statystyki

Ogólne statystyki
  • Ten quiz został rozwiązany 906 razy
  • Średni wynik to 8 z 15
Answers on the Grid
Answers color-coded by a green-red scale on the quiz's grid according to % correct below.
 
Statystyki odpowiedzi
Odpowiedź % Poprawnych
63%
62%
62%
61%
61%
59%
59%
55%
53%
52%
52%
51%
48%
43%
38%
Nie znaleziono quizów pasujących do podanych kryteriów
Rozkład punktacji
Procent ludzi z każdym wynikiem
Percentyl według liczby udzielonych odpowiedzi
Twoja historia wyników
Nie rozwiązałeś tego quizu